Regional economic outlook Sub-Saharan Africa

Na minha lista:
Detalhes bibliográficos
Formato: Livro
Idioma:inglês
Publicado em: Washington, D.C. International Monetary Fund 2008
Colecção:World economic and financial surveys
Assuntos:
Tags: Adicionar Tag
Sem tags, seja o primeiro a adicionar uma tag!

MARC

LEADER 00000nam$a2200000$$$4500
001 0107604
005 20240315115646.5
020 |a 978-1-58906-711-0 
041 0 |a eng 
044 |a US 
245 1 0 |a Regional economic outlook  |b Sub-Saharan Africa 
264 1 |a Washington, D.C.  |b International Monetary Fund  |c 2008 
300 |a vii, 135 s. 
490 1 |a World economic and financial surveys 
830 0 |a World economic and financial surveys 
610 2 0 |a situácia hospodárska 
610 2 0 |a politika hospodárska 
610 2 0 |a politika menová 
610 2 0 |a kurz výmenný 
610 2 0 |a Subsahara 
610 2 0 |a Afrika 
610 2 0 |a rozvoj hospodársky